Аргонской С. И.

Доступно только в Электронных читальных залах Найти на картеНа карте
RUSMARC
00003808nac2a22002771x 450
001d65ef693-a346-44ec-b8a1-1a532f198f93
00520140111044526.0
100##$a20130529l1927 k y0rusy50 ca
1010#$arus
102##$aRU
105##$ay z |||||
2001#$aАргонской С. И.
$j1927
215##$a3 листа
251##$cДело
300##$aЗаголовок дела на папке: Письма Аргонского С. И. Кони А. Ф.
300##$aРукописный и машинописный текст
330##$aПереписка А. Ф. Кони; Письма к А. Ф. Кони
461#0$10013a54f2e3-e9cf-409b-80fa-f0a9bd3c40cb
$12001
$aКони Анатолий Федорович, юрист, литератор, член академии наук, председатель Санкт-Петербургского окружного суда, член государственного совета
$1251
$cФонд
$1852
$j564
462#0$100178a475cd-a47d-4377-bff3-cee4b81de655
$12001
$aОпись дел фонда А. Ф. Кони за 1880-1931 гг.
$1251
$cОпись
$1852
$j1
517##$aПисьма Аргонского С. И. Кони А. Ф.
600#1$aКони
$bА. Ф.
$f1844-1927
$gАнатолий Федорович
600#1$aАргонский
$bС. И.
$gСергей Иванович
600#1$aАргонская
$bС. И.
801#0$aRU
$bGA_RF
801#1$aRU
$bНПО Опыт
$c20130529
$2rusmarc
801#2$aRU
$bПБ им. Б.Н. Ельцина
$c20140111
$gRCR
$2rusmarc
852##$aГА РФ
$j1084
937##$d42725295
$hПБ
035##$aRuPRLIB51002000
Формат отображения